[Event "tricky or thicky?"]
[Site "SchemingMind.com"]
[Date "2024.06.09"]
[Round "-"]
[White "cnile"]
[Black "maro"]
[Result "1-0"]
[WhiteCountry "SCO"]
[BlackCountry "MEX"]
[WhiteElo "1334"]
[WhiteRD "62"]
[BlackElo "1438"]
[BlackRD "70"]
[GameID "745266"]

1. e4 d5 2. exd5 Nf6 3. d4 e6 4. Nf3 Nxd5 5. c4 Nf6 6. Bg5 Be7 7. Nc3 h6 8. Bh4 Ng4 9. Bg3 Nc6 10. Be2 O-O
11. h3 Nf6 12. O-O Bb4 13. Rc1 b6 14. Nb5 Bd6 15. Re1 Bxg3 16. fxg3 Ne4 17. Kh2 Nf2 18. Qc2 Bb7 19. Rf1 Nb4 20. Qa4 Nfd3
21. Bxd3 Nxd3 22. Rc2 Bc6 23. Qb3 Bxb5 24. Qxd3 Ba6 25. Ne5 Bb7 26. Rcf2 f5 27. Ng6 Rf7 28. Qe3 Kh7 29. Nf4 g6 30. Nxe6 Qe8
31. d5 Bc8 32. g4 Bxe6 33. dxe6 Rd8 34. b3 c5 35. gxf5 gxf5 36. Rxf5 Rxf5 37. Rxf5 Qg6 38. Rf7+ Kg8 39. Rxa7 Re8 40. Qg3 Qxg3+
41. Kxg3 Rxe6 42. Kf2 Kf8= 43. Rb7
1-0

[Event "tricky or thicky?"]
[Site "SchemingMind.com"]
[Date "2024.06.09"]
[Round "-"]
[White "maro"]
[Black "cnile"]
[Result "1-0"]
[WhiteCountry "MEX"]
[BlackCountry "SCO"]
[WhiteElo "1438"]
[WhiteRD "70"]
[BlackElo "1334"]
[BlackRD "62"]
[GameID "745267"]

1. e4 d5 2. Nc3 d4 3. Nd5 c6 4. Nf4 e5 5. Nd3 Nf6 6. f3 c5 7. b3 Be7 8. Ba3 Nc6 9. Bxc5 O-O 10. Bxe7 Qxe7
11. Qc1 Nd7 12. Qb2 Nb6 13. c3 Be6 14. c4 f6 15. c5 Nd7 16. b4 a6 17. a4 Rfc8 18. g4 Rab8 19. b5 axb5 20. axb5 Nd8
21. f4 Nxc5 22. f5 Nxd3+ 23. Bxd3 Bf7 24. h4 b6 25. Nf3 Nb7 26. g5 Nc5 27. Bc2 d3 28. Bd1 Nxe4 29. Bb3 Bxb3 30. Qxb3+ Kh8
31. Qxd3 fxg5 32. Qxe4 gxh4 33. Rxh4 Qf6 34. Ke2 h6 35. Rg1 Rc5 36. Ng5 Rxb5 37. Ne6 Rg8 38. Rg6 Ra5 39. Rxf6
1-0

[Event "tricky or thicky?"]
[Site "SchemingMind.com"]
[Date "2024.06.20"]
[Round "-"]
[White "cnile"]
[Black "Chessibelle"]
[Result "1-0"]
[WhiteCountry "SCO"]
[BlackCountry "ENG"]
[WhiteElo "1334"]
[WhiteRD "62"]
[BlackElo "973"]
[BlackRD "62"]
[GameID "745472"]

1. e4 d5 2. exd5 Qxd5 3. Nf3 h6 4. Nc3 Qe6+ 5. Be2 f6 6. O-O b6 7. Re1 Qd7 8. d4 e6 9. Be3 Bd6 10. Ne4 Be7
11. c4 Na6 12. a3 Bf8 13. b4 g5 14. Rc1 Bb7 15. Qb3 Ne7 16. Nxf6+ Kd8 17. Nxd7 Kxd7 18. Ne5+ Kd6 19. Nf7+ Kd7 20. Nxh8 Nf5
21. Bd2 Bd6 22. Nf7 Be7 23. Qa4+ c6 24. Ne5+ Kc7 25. c5 b5 26. Qa5+ Kc8 27. Nxc6 Bxc6 28. Qxa6+ Kd7 29. Bxb5 Nxd4 30. Bxc6+ Kd8
31. Qb7 Rc8 32. Qd7#
1-0

[Event "tricky or thicky?"]
[Site "SchemingMind.com"]
[Date "2024.06.20"]
[Round "-"]
[White "Chessibelle"]
[Black "cnile"]
[Result "0-1"]
[WhiteCountry "ENG"]
[BlackCountry "SCO"]
[WhiteElo "973"]
[WhiteRD "62"]
[BlackElo "1334"]
[BlackRD "62"]
[GameID "745473"]

1. e4 d5 2. Bd3 e5 3. Bb5+ c6 4. Bd3 Nf6 5. Nc3 Be6 6. b3 d4 7. Nce2 c5 8. Bb5+ Nbd7 9. c3 Be7 10. Nf3 O-O
11. Bd3 b5 12. Bxb5 Nxe4 13. O-O Nb6 14. Nxe5 Bf6 15. f4 d3 16. Ng3 Rc8 17. Bxd3 Nxg3 18. hxg3 Bxe5 19. Qe2 Bf6 20. Qe4 g6
21. Be2 Re8 22. Kh2 Bd5 23. Qd3 Rc7 24. Rb1 Rd7 25. Qc2 Rxe2 26. Kh3 Bxg2+ 27. Kg4 h5#
0-1

[Event "tricky or thicky?"]
[Site "SchemingMind.com"]
[Date "2024.06.19"]
[Round "-"]
[White "maro"]
[Black "Chessibelle"]
[Result "1-0"]
[WhiteCountry "MEX"]
[BlackCountry "ENG"]
[WhiteElo "1419"]
[WhiteRD "71"]
[BlackElo "1010"]
[BlackRD "61"]
[GameID "745474"]

1. e4 d5 2. d4 Be6 3. e5 f6 4. exf6 Nxf6 5. Nc3 g6 6. Bb5+ c6 7. Bd3 Bg7 8. Qf3 Nbd7 9. Bg5 Qb6 10. Na4 Qa5+
11. Nc3 O-O-O 12. Ne2 Qb6 13. h3 Bf7 14. O-O e6 15. Na4 Qc7 16. Bf4 e5 17. dxe5 Nxe5 18. Qe3 Nfd7 19. Qxa7 Nb8 20. Nb6+ Qxb6
21. Qxb6 Ned7 22. Qc7#
1-0

[Event "tricky or thicky?"]
[Site "SchemingMind.com"]
[Date "2024.06.19"]
[Round "-"]
[White "Chessibelle"]
[Black "maro"]
[Result "0-1"]
[WhiteCountry "ENG"]
[BlackCountry "MEX"]
[WhiteElo "973"]
[WhiteRD "62"]
[BlackElo "1438"]
[BlackRD "70"]
[GameID "745475"]

1. e4 d5 2. Bd3 dxe4 3. Bxe4 Nf6 4. Nc3 e5 5. d3 Bc5 6. h3 Nc6 7. Nf3 Be6 8. b3 a6 9. Bg5 O-O 10. Bh4 Nd4
11. Bxb7 Rb8 12. Bxa6 Bb4 13. Qd2 Nxf3+ 14. gxf3 Qd4 15. Bg3 Bxc3 16. Rd1 Bxd2+ 17. Rxd2 Qa1+ 18. Rd1 Qxa2 19. Bc4 Bxc4 20. dxc4 Qa5+
21. Ke2 Rfe8 22. Kf1 e4 23. Re1 exf3 24. Kg1 Rxe1+ 25. Kh2 Rxh1+ 26. Kxh1 Qe1+ 27. Kh2 Qf1 28. h4 Ng4#
0-1

[Event "tricky or thicky?"]
[Site "SchemingMind.com"]
[Date "2024.06.20"]
[Round "-"]
[White "cnile"]
[Black "agoodhobby"]
[Result "0-1"]
[WhiteCountry "SCO"]
[BlackCountry "USA"]
[WhiteElo "1264"]
[WhiteRD "61"]
[BlackElo "1453"]
[BlackRD "69"]
[GameID "745493"]

1. e4 d5 2. exd5 Nf6 3. d4 Bg4 4. f3 Bf5 5. Nc3 c6 6. Bc4 cxd5 7. Bb3 e6 8. Be3 Bb4 9. Ne2 Nc6 10. O-O O-O
11. a3 Rc8 12. axb4 a5 13. bxa5 Nxa5 14. Ba4 Nc4 15. Bb5 Nxb2 16. Qc1 Nc4 17. Bf2 Nd6 18. Ba4 Nc4 19. Bb3 Qd7 20. Bg3 b5
21. Qf4 b4 22. Na4 Nd2 23. Qxd2 Ra8 24. Nb6 Qb7 25. Nxa8 Rxa8 26. Rxa8+ Qxa8 27. Rb1 h6 28. Qxb4 Nh5 29. Bf2 Qc6 30. Ba4 Qc7
31. c3 Nf4 32. Bg3 Nxe2+ 33. Kf2 Nxg3 34. hxg3 Bxb1 35. Qxb1 Qxc3 36. Qd1 Qb2+ 37. Kg1 Qb6 38. Qd3 e5 39. Kh2 exd4 40. Qb5 Qe6
41. Qe8+ Qxe8 42. Bxe8 Kf8 43. Bc6 Ke7 44. Bxd5 Kd6 45. Bxf7 Kc5 46. Kg1 Kb4 47. Bg6 Kc3 48. Kf2 Kd2 49. g4 d3 50. f4 Kc3
51. Bxd3 Kxd3 52. Kf3 Kd4 53. g3 Kd5 54. Ke3 Ke6 55. Ke4 Kf6 56. f5 Kg5 57. Ke5 Kxg4 58. Ke6 h5 59. Ke5 Kxg3 60. Ke4 h4
0-1

[Event "tricky or thicky?"]
[Site "SchemingMind.com"]
[Date "2024.06.19"]
[Round "-"]
[White "agoodhobby"]
[Black "cnile"]
[Result "1-0"]
[WhiteCountry "USA"]
[BlackCountry "SCO"]
[WhiteElo "1399"]
[WhiteRD "73"]
[BlackElo "1334"]
[BlackRD "62"]
[GameID "745494"]

1. e4 d5 2. exd5 Qxd5 3. Nc3 Qd8 4. Be2 Nf6 5. Nf3 Nc6 6. d4 e6 7. O-O Be7 8. a3 O-O 9. Bf4 Re8 10. Re1 Nd5
11. Bg3 Bf6 12. Bc4 a6 13. Nxd5 e5 14. dxe5 Nxe5 15. Nxe5
1-0

[Event "tricky or thicky?"]
[Site "SchemingMind.com"]
[Date "2024.06.20"]
[Round "-"]
[White "agoodhobby"]
[Black "maro"]
[Result "1-0"]
[WhiteCountry "USA"]
[BlackCountry "MEX"]
[WhiteElo "1441"]
[WhiteRD "80"]
[BlackElo "1419"]
[BlackRD "71"]
[GameID "745495"]

1. e4 d5 2. exd5 Nf6 3. d4 Nxd5 4. Nf3 Nc6 5. c4 Nb6 6. d5 Bg4 7. Be2 Ne5 8. Nxe5 Bxe2 9. Qxe2 e6 10. dxe6 fxe6
11. O-O Bc5 12. Rd1 Bd6 13. c5 Nd5 14. cxd6 cxd6 15. Qb5+ Ke7 16. Bg5+
1-0

[Event "tricky or thicky?"]
[Site "SchemingMind.com"]
[Date "2024.06.20"]
[Round "-"]
[White "maro"]
[Black "agoodhobby"]
[Result "1-0"]
[WhiteCountry "MEX"]
[BlackCountry "USA"]
[WhiteElo "1438"]
[WhiteRD "70"]
[BlackElo "1399"]
[BlackRD "73"]
[GameID "745496"]

1. e4 d5 2. exd5 Nf6 3. Nc3 Nxd5 4. Nxd5 Qxd5 5. Nf3 Nc6 6. b3 a6 7. Bc4 Qe4+ 8. Qe2 Qxe2+ 9. Bxe2 e5 10. d3 Bb4+
11. Bd2 O-O 12. O-O-O Bg4 13. h3 Bh5 14. g4 Bg6 15. Bxb4 Nxb4 16. Nxe5 Rfe8 17. f4 f6 18. Nxg6 hxg6 19. Bf3 c6 20. a3 Nd5
21. Bxd5+ cxd5 22. c4 dxc4 23. dxc4 Re3 24. Kb2 Re2+ 25. Kc3 Rae8 26. h4 a5 27. b4 axb4+ 28. axb4 Kh7 29. g5 Rf2 30. h5 Rxf4
31. hxg6+ Kxg6 32. gxf6 Kxf6 33. Rd6+ Ke7 34. Rb6 Rb8 35. Re1+ Kf7 36. c5 g5 37. c6 Rf3+ 38. Kc4 Kf8 39. c7 Rc8 40. Rxb7 g4
41. Rb8 Rf4+ 42. Kc5 Rf5+ 43. Kd6 Rf6+ 44. Re6 Rxe6+ 45. Kxe6 g3 46. Rxc8+ Kg7 47. Rg8+ Kxg8 48. c8=Q+ Kg7 49. Qc7+
1-0

[Event "tricky or thicky?"]
[Site "SchemingMind.com"]
[Date "2024.06.20"]
[Round "-"]
[White "agoodhobby"]
[Black "Chessibelle"]
[Result "1-0"]
[WhiteCountry "USA"]
[BlackCountry "ENG"]
[WhiteElo "1441"]
[WhiteRD "80"]
[BlackElo "1010"]
[BlackRD "61"]
[GameID "745497"]

1. e4 d5 2. exd5 Qxd5 3. Nc3 Qe6+ 4. Be2 a6 5. Nf3 h6 6. d4 c6 7. O-O Nf6 8. Re1 Qd7 9. Bc4 e6 10. Bf4 Bd6
11. Ne5 Qe7 12. Ne4 b5 13. Nxf6+ Qxf6 14. Bb3 Qxf4 15. c4 Bb7 16. c5 Bc7 17. g3 Qf5 18. Bc2 Qf6 19. Be4 O-O 20. a4 Bc8
21. Nxc6 Re8 22. Nxb8 Rxb8 23. Bc2 Qe7 24. d5 f5 25. Bxf5 Qxc5 26. Rc1 Qd6 27. Qh5 Bd7 28. Qg6 Kf8 29. dxe6 Bc6 30. Qf7#
1-0

[Event "tricky or thicky?"]
[Site "SchemingMind.com"]
[Date "2024.06.20"]
[Round "-"]
[White "Chessibelle"]
[Black "agoodhobby"]
[Result "0-1"]
[WhiteCountry "ENG"]
[BlackCountry "USA"]
[WhiteElo "1010"]
[WhiteRD "61"]
[BlackElo "1441"]
[BlackRD "80"]
[GameID "745498"]

1. e4 d5 2. Bd3 dxe4 3. Bxe4 Nf6 4. Bd3 e5 5. Be2 Nc6 6. a3 a5 7. g3 Bc5 8. h3 O-O 9. Nf3 e4 10. Nh2 Qd4
11. O-O Bxh3 12. c3 Qd5 13. Kh1 e3+ 14. f3 Bxf1 15. Bxf1 Rfe8 16. Be2 Nh5 17. Qg1 exd2 18. Nxd2 Bxg1 19. Kxg1 Rxe2 20. Ng4 Qxf3
21. Nh2 Qg2#
0-1

[Event "tricky or thicky?"]
[Site "SchemingMind.com"]
[Date "2024.06.25"]
[Round "-"]
[White "cnile"]
[Black "Chesswitchery"]
[Result "0-1"]
[WhiteCountry "SCO"]
[BlackCountry "USA"]
[WhiteElo "1334"]
[WhiteRD "62"]
[BlackElo "1643"]
[BlackRD "59"]
[GameID "745565"]

1. e4 d5 2. exd5 Nf6 3. d4 Nxd5 4. c4 Nf6 5. Nc3 e6 6. Bg5 Be7 7. Nf3 O-O 8. Bd3 b6 9. O-O Nbd7 10. a3 Bb7
11. Qe2 Bxf3 12. Qxf3 h6 13. Bf4 a6 14. Rfe1 Re8 15. Rad1 Qc8 16. b4 Bd6 17. Bxd6 cxd6 18. d5 exd5 19. Nxd5 Rxe1+ 20. Rxe1 Nxd5
21. Qxd5 Qf8 22. Qe4 Nf6 23. g4 Nxe4 24. Rxe4 Re8
0-1

[Event "tricky or thicky?"]
[Site "SchemingMind.com"]
[Date "2024.06.24"]
[Round "-"]
[White "Chesswitchery"]
[Black "cnile"]
[Result "1-0"]
[WhiteCountry "USA"]
[BlackCountry "SCO"]
[WhiteElo "1643"]
[WhiteRD "59"]
[BlackElo "1334"]
[BlackRD "62"]
[GameID "745566"]

1. e4 d5 2. exd5 Qxd5 3. Nc3 Qd8 4. d4 Nf6 5. Nf3 e6 6. Bd3 a6 7. O-O b5 8. Ne4 Bb7 9. Bg5 Be7 10. Re1 O-O
11. c3 Nbd7 12. Rc1 h6 13. Bxf6 Nxf6 14. Qe2 Rc8 15. Nc5 Bd5 16. c4 bxc4 17. Bxc4 a5 18. Bxd5 Qxd5 19. b3 Rfd8 20. Rc4 c6
21. h3 Qd6 22. Nb7 Qc7 23. Nxd8 Rxd8 24. Rec1 Nd5 25. Rxc6 Qb7 26. Qa6 Nb4 27. Qxb7 Nxc6 28. Rxc6
1-0

[Event "tricky or thicky?"]
[Site "SchemingMind.com"]
[Date "2024.06.23"]
[Round "-"]
[White "agoodhobby"]
[Black "Chesswitchery"]
[Result "0-1"]
[WhiteCountry "USA"]
[BlackCountry "USA"]
[WhiteElo "1399"]
[WhiteRD "73"]
[BlackElo "1643"]
[BlackRD "59"]
[GameID "745567"]

1. e4 d5 2. exd5 Nf6 3. d4 Nxd5 4. Nf3 c6 5. Nc3 Nf6 6. Bc4 Bf5 7. Ne5 e6 8. Bg5 Be7 9. O-O O-O 10. Bxf6 Bxf6
11. h3 b5 12. g4 bxc4 13. gxf5 Bxe5 14. Qg4 Bxd4 15. Rad1 e5 16. Ne2 Qf6 17. Nxd4 exd4 18. Rxd4 a5 19. Rxc4 Qxb2 20. f6 Qxf6
21. Rf4 Qg6 22. Qxg6 fxg6 23. Rxf8+ Kxf8 24. f4 Nd7 25. Rd1 Rd8 26. Kg2 Kf7 27. Kg3 h5 28. Kh4 Ke7 29. Kg5 Nf8 30. Re1+ Kf7
31. f5 Rd5 32. Rf1 Ne6+ 33. Kh4 Rd4+ 34. Kg3 h4+ 35. Kg2 Nf4+ 36. Kg1 g5 37. Rb1 Kf6 38. Rb6 Rc4 39. a4 Kxf5 40. Ra6 Rc5
41. c4 Nxh3+ 42. Kf1 Ke4 43. Ra7 Rf5+ 44. Ke2 Ng1+ 45. Kd2 Nf3+ 46. Kc3 h3 47. Rxg7 h2 48. Rh7 g4
0-1

[Event "tricky or thicky?"]
[Site "SchemingMind.com"]
[Date "2024.06.23"]
[Round "-"]
[White "Chesswitchery"]
[Black "agoodhobby"]
[Result "1-0"]
[WhiteCountry "USA"]
[BlackCountry "USA"]
[WhiteElo "1643"]
[WhiteRD "59"]
[BlackElo "1399"]
[BlackRD "73"]
[GameID "745568"]

1. e4 d5 2. exd5 Nf6 3. c4 c6 4. d4 cxd5 5. Nf3 e6 6. cxd5 Nxd5 7. Bb5+ Bd7 8. Bxd7+ Qxd7 9. Ne5 Qb5 10. Nc3 Nxc3
11. bxc3 Bd6 12. Qb3 Qxb3 13. axb3 O-O 14. Nc4 Bc7 15. O-O Nc6 16. Be3 b5 17. Nd2 e5 18. d5 Ne7 19. Bc5 Rfe8 20. d6 Bxd6
21. Bxd6 Rad8 22. Bxe7 Rxe7 23. Nf3 a5 24. Rxa5 Rc7 25. Nxe5 Rc5 26. f4 f6 27. Nc4 Rd3 28. Rc1 Rcd5 29. Ra8+ Kf7 30. Nb6 Rd1+
31. Rxd1 Rxd1+ 32. Kf2 Rc1 33. Nd5 Ke6 34. Nc7+ Kf5 35. Nxb5 Kxf4 36. g3+ Kg4 37. Ra4+ Kg5 38. h4+ Kh5 39. Ra7 Rc2+ 40. Kf3 g5
41. Rxh7+ Kg6 42. Rd7 gxh4 43. gxh4 Rh2 44. Rd4 Kh5 45. Kg3 Re2 46. Rd5+ Kh6 47. Rf5 Kg6 48. Nd4 Re3+ 49. Rf3 Re1 50. Kg4 Re4+
51. Rf4 f5+ 52. Nxf5
1-0

[Event "tricky or thicky?"]
[Site "SchemingMind.com"]
[Date "2024.06.24"]
[Round "-"]
[White "maro"]
[Black "Chesswitchery"]
[Result "0-1"]
[WhiteCountry "MEX"]
[BlackCountry "USA"]
[WhiteElo "1438"]
[WhiteRD "70"]
[BlackElo "1643"]
[BlackRD "59"]
[GameID "745569"]

1. e4 d5 2. exd5 Nf6 3. Nc3 Nxd5 4. Qf3 Nb4 5. Bd3 Nxd3+ 6. cxd3 Nc6 7. b3 Nd4 8. Qd1 Bf5 9. Nge2 Bxd3 10. O-O Nxe2+
11. Nxe2 e6 12. Bb2 Qd7 13. Re1 Bxe2 14. Rxe2 O-O-O 15. Be5 Rg8 16. Rc1 Bd6 17. Bd4 a6 18. Bb6 Kb8 19. Ba5 Rc8 20. d4 b6
21. Bc3 Bf4 22. Rcc2 c5 23. d5 Rcd8 24. Be5+ Bxe5 25. Rxe5 exd5 26. Rd2 d4 27. a3 f6 28. Re4 Qd5 29. f3 Rge8 30. Rde2 Rxe4
31. fxe4 Qh5 32. Qd3 Ka7 33. b4 cxb4 34. axb4 b5 35. Ra2 Kb6 36. Qb3 Qe8 37. Qa3 Ra8 38. Qg3 Qd7 39. Qf2 Rc8 40. g3 Rc1+
41. Kg2 Qd6 42. Rd2 Rc4 43. Qf5 Qxb4 44. Qe6+ Rc6 45. Qd5 Qxd2+ 46. Kh3 Qh6+
0-1

[Event "tricky or thicky?"]
[Site "SchemingMind.com"]
[Date "2024.06.24"]
[Round "-"]
[White "Chesswitchery"]
[Black "maro"]
[Result "1-0"]
[WhiteCountry "USA"]
[BlackCountry "MEX"]
[WhiteElo "1643"]
[WhiteRD "59"]
[BlackElo "1438"]
[BlackRD "70"]
[GameID "745570"]

1. e4 d5 2. exd5 Nf6 3. c4 c6 4. dxc6 Nxc6 5. d3 e5 6. Nf3 Bc5 7. Qe2 O-O 8. Nc3 Nd4 9. Nxd4 exd4 10. Ne4 Re8
11. Bg5 Bf5 12. O-O-O Bxe4 13. dxe4 Rxe4 14. Bxf6 Qxf6 15. Qxe4 Rd8 16. Bd3 g6 17. f3 a6 18. Qxb7 Qf4+ 19. Kc2 Rb8 20. Qxa6 Qg5
21. g3 Qe3 22. Rhf1 Qe8 23. Rfe1 Be7 24. Qa7 Kf8 25. Qxd4 Qa4+ 26. Kb1 Kg8 27. Bc2 Qb4 28. b3
1-0

[Event "tricky or thicky?"]
[Site "SchemingMind.com"]
[Date "2024.06.23"]
[Round "-"]
[White "Chessibelle"]
[Black "Chesswitchery"]
[Result "0-1"]
[WhiteCountry "ENG"]
[BlackCountry "USA"]
[WhiteElo "1010"]
[WhiteRD "61"]
[BlackElo "1618"]
[BlackRD "64"]
[GameID "745571"]

1. e4 d5 2. Be2 dxe4 3. Nc3 Nf6 4. d3 exd3 5. cxd3 e6 6. g3 Bb4 7. Bd2 O-O 8. Nf3 Nc6 9. O-O Re8 10. a3 Bxc3
11. Bxc3 b6 12. b4 e5
0-1

[Event "tricky or thicky?"]
[Site "SchemingMind.com"]
[Date "2024.06.23"]
[Round "-"]
[White "Chesswitchery"]
[Black "Chessibelle"]
[Result "1-0"]
[WhiteCountry "USA"]
[BlackCountry "ENG"]
[WhiteElo "1643"]
[WhiteRD "59"]
[BlackElo "973"]
[BlackRD "62"]
[GameID "745572"]

1. e4 d5 2. exd5 Qxd5 3. Nc3 Qe6+ 4. Be2 g6 5. Nf3 Nc6 6. O-O b6 7. Bb5 Bd7 8. Re1 Qg4 9. h3 Qf5 10. Bxc6 Bxc6
11. Nd4 Qg5 12. Nxc6 Nf6 13. d4 Qf5 14. Re5 Qd7 15. d5 Bg7 16. Rxe7+ Qxe7 17. Nxe7 Kxe7 18. Bg5 h6 19. Qe2+ Kf8 20. Bxf6 Bxf6
21. Qc4 Kg7 22. Re1 Rhd8 23. a4 a5 24. Qxc7 Bd4 25. Qc4 Bf6 26. Qb3 Bd4 27. Nb5 Bc5 28. Qc3+ f6 29. Qf3 f5 30. Nc7 Rac8
31. Ne6+ Kf7 32. Nxd8+ Rxd8 33. c4 h5 34. g4 Rg8 35. Qe2 Kg7 36. Qe5+ Kh6 37. Kf1 Rf8 38. g5+ Kxg5 39. h4+ Kxh4 40. Qg3#
1-0

[Event "tricky or thicky?"]
[Site "SchemingMind.com"]
[Date "2024.06.27"]
[Round "-"]
[White "mochiron"]
[Black "cnile"]
[Result "1/2-1/2"]
[WhiteCountry "JPN"]
[BlackCountry "SCO"]
[WhiteElo "1347"]
[WhiteRD "62"]
[BlackElo "1264"]
[BlackRD "61"]
[GameID "745622"]

1. e4 d5 2. d3 e5 3. Nf3 d4 4. Nxe5 Bd6 5. Nxf7 Kxf7 6. Be2 Nf6 7. Bh5+ Ke7 8. Bg5 Be6 9. Bxf6+ Kxf6 10. c3 g6
11. Qf3+ Ke7 12. Bg4 Nd7 13. Bxe6 Kxe6 14. cxd4 Rf8 15. d5+ Ke7 16. Qh3 Nc5 17. Nd2 Kf7 18. Qxh7+ Ke8 19. Qxg6+ Rf7 20. O-O Nxd3
21. Qg8+ Rf8 22. Qg6+ Kd7 23. Qg4+ Ke7 24. Qg5+ Kd7 25. Qg4+=
1/2-1/2

[Event "tricky or thicky?"]
[Site "SchemingMind.com"]
[Date "2024.07.01"]
[Round "-"]
[White "cnile"]
[Black "mochiron"]
[Result "0-1"]
[WhiteCountry "SCO"]
[BlackCountry "JPN"]
[WhiteElo "1264"]
[WhiteRD "61"]
[BlackElo "1347"]
[BlackRD "62"]
[GameID "745623"]

1. e4 d5 2. exd5 Qxd5 3. Nf3 Bg4 4. Be2 Nf6 5. d4 Bxf3 6. Bxf3 Qd8 7. Bxb7 Nbd7 8. Bxa8 Qxa8 9. O-O h5 10. Be3 Ng4
11. Re1 c5 12. dxc5 Ndf6 13. b4 h4 14. c4 h3 15. g3 Qg2#
0-1

[Event "tricky or thicky?"]
[Site "SchemingMind.com"]
[Date "2024.06.26"]
[Round "-"]
[White "mochiron"]
[Black "agoodhobby"]
[Result "0-1"]
[WhiteCountry "JPN"]
[BlackCountry "USA"]
[WhiteElo "1347"]
[WhiteRD "62"]
[BlackElo "1453"]
[BlackRD "69"]
[GameID "745624"]

1. e4 d5 2. e5 c5 3. Bb5+ Bd7 4. Bxd7+ Qxd7 5. Nf3 Nc6 6. d3 e6 7. Bf4 Nge7 8. Nbd2 Ng6 9. Bg3 Be7 10. O-O O-O
11. d4 cxd4 12. Nb3 Qc7 13. Nfxd4 Ncxe5 14. f4 Bd6 15. fxe5 Bxe5 16. Bxe5 Nxe5 17. Nf3 Nxf3+ 18. Qxf3 Qxc2 19. Rf2 Qc7 20. g3 Qb6
21. Rf1 Rac8 22. Kg2 Rc7 23. h4 Rfc8 24. Qh5 g6 25. Qg4 f5 26. Qg5 a5 27. h5 Rg7 28. hxg6 Rxg6 29. Qe7 Rg7 30. Qf6 Rf8
31. Nd2 Rxf6 32. Nf3 Rfg6 33. Kh2 Rxg3 34. Nh4 Qc7 35. Kh1 Rh3+
0-1

[Event "tricky or thicky?"]
[Site "SchemingMind.com"]
[Date "2024.06.26"]
[Round "-"]
[White "agoodhobby"]
[Black "mochiron"]
[Result "1-0"]
[WhiteCountry "USA"]
[BlackCountry "JPN"]
[WhiteElo "1453"]
[WhiteRD "69"]
[BlackElo "1347"]
[BlackRD "62"]
[GameID "745625"]

1. e4 d5 2. exd5 Qxd5 3. Nc3 Qd8 4. d4 e6 5. Nf3 Bb4 6. Bd2 Nc6 7. Bb5 Bxc3 8. Bxc3 Bd7 9. O-O Nf6 10. Re1 O-O
11. Bxc6 Bxc6 12. Ne5 h6 13. Nxc6 bxc6 14. Qf3 Nh7 15. Qxc6 Rb8 16. Qa6 Rb6 17. Qxa7 e5 18. Rad1 Rg6 19. dxe5 Qg5 20. g3 h5
21. Qxc7 h4 22. Bd2 Qf5 23. Bf4 hxg3 24. hxg3 Qxf4 25. Qc3 Qf5 26. Kg2 Ng5 27. Rh1 Ne4 28. Qe3 Qxe5 29. f4 Rxg3+ 30. Qxg3 Qf5
31. Qh4 Qg6+ 32. Kf3 f5 33. Qh8+ Kf7 34. Rd7+ Ke6 35. Qxg7 Qg4+ 36. Qxg4 fxg4+ 37. Kxe4 Kxd7 38. Rh4 g3 39. Rg4 Rb8 40. b3 Rb4+
41. Ke5 Rb5+ 42. Kd4 g2 43. Rxg2 Ke6 44. Rg6+ Kf5 45. Rg5+ Kxf4 46. Rxb5
1-0

[Event "tricky or thicky?"]
[Site "SchemingMind.com"]
[Date "2024.06.26"]
[Round "-"]
[White "mochiron"]
[Black "maro"]
[Result "0-1"]
[WhiteCountry "JPN"]
[BlackCountry "MEX"]
[WhiteElo "1347"]
[WhiteRD "62"]
[BlackElo "1462"]
[BlackRD "68"]
[GameID "745626"]

1. e4 d5 2. d4 dxe4 3. c3 Nf6 4. Be3 Ng4 5. h3 Nxe3 6. fxe3 Nc6 7. Ne2 e6 8. Nf4 e5 9. d5 exf4 10. dxc6 Qxd1+
11. Kxd1 fxe3 12. Be2 Bd6 13. cxb7 Bxb7 14. b4 O-O-O 15. Kc2 Bc6 16. Na3 Ba4+ 17. Kb2 Be5 18. Nc4 Bf6 19. Bg4+ Kb8 20. Nxe3 Rd2+
21. Ka3 Bb5 22. Bf5 a5 23. Bxe4 axb4+ 24. Kxb4 Rb2+ 25. Kc5 Be7+ 26. Kd4 Rd8+ 27. Ke5 f6+ 28. Ke6 Re8 29. Nd5 Bc5+ 30. Kf5 Rf2+
31. Bf3 Bd3+ 32. Kf4 Bd6+ 33. Kg4 f5+ 34. Kg5 h6+ 35. Kh5 f4 36. c4 Re5+ 37. Kh4 Bxc4 38. Rab1+ Kc8 39. Rhf1 g5+ 40. Kg4 Bxf1
41. Nf6 Bxg2 42. Bxg2 Rxg2+ 43. Kf3 Rg3+ 44. Kf2 Bc5+ 45. Kf1 Rxh3 46. Ng4 Rh1+ 47. Kg2 Rxb1 48. Nxe5 Rb2+ 49. Kf3 Rxa2
0-1

[Event "tricky or thicky?"]
[Site "SchemingMind.com"]
[Date "2024.06.26"]
[Round "-"]
[White "maro"]
[Black "mochiron"]
[Result "0-1"]
[WhiteCountry "MEX"]
[BlackCountry "JPN"]
[WhiteElo "1462"]
[WhiteRD "68"]
[BlackElo "1347"]
[BlackRD "62"]
[GameID "745627"]

1. e4 d5 2. d4 e6 3. e5 Bb4+ 4. Bd2 Bxd2+ 5. Nxd2 Nc6 6. Ngf3 Bd7 7. Bd3 h6 8. O-O Nge7 9. c4 Nf5 10. c5 Nfxd4
11. Nxd4 Nxd4 12. Nf3 Nxf3+ 13. Qxf3 Bc6 14. Bg6 fxg6 15. Qh3 Qe7 16. b4 O-O-O 17. a4 d4 18. b5 Qxc5 19. bxc6 Qxc6 20. Rfc1 Qd5
21. a5 d3 22. Ra3 d2 23. Rd1 Rhf8 24. Qg3 a6 25. Qe3 Qc4 26. Qa7 Qc2 27. Raa1 Kd7 28. Qd4+ Ke7 29. Qb4+ Ke8 30. Qa3 Qf5
31. f3 Qf4 32. Qa2 Qxe5 33. Rab1 Qe3+ 34. Kh1 Rxf3 35. gxf3 Qxf3+ 36. Kg1 Qe3+ 37. Kf1 Ke7 38. Rxd2 Rxd2
0-1

[Event "tricky or thicky?"]
[Site "SchemingMind.com"]
[Date "2024.06.26"]
[Round "-"]
[White "mochiron"]
[Black "Chessibelle"]
[Result "1-0"]
[WhiteCountry "JPN"]
[BlackCountry "ENG"]
[WhiteElo "1347"]
[WhiteRD "62"]
[BlackElo "1002"]
[BlackRD "63"]
[GameID "745628"]

1. e4 d5 2. b3 Nf6 3. f3 g6 4. Bb5+ c6 5. Be2 e6 6. e5 Nh5 7. d4 Nd7 8. f4 f6 9. Bxh5 Be7 10. Nf3 gxh5
11. exf6 Nxf6 12. Ne5 Rg8 13. Ba3 Rxg2 14. Qf3 Rg8 15. Nd2 Bxa3 16. Ke2 b5 17. Rhg1 Rf8 18. Nxc6 Qc7 19. Ne5 Qxc2 20. Rad1 Ba6
21. Nd3 Bd6 22. f5 Ke7 23. Rg7+ Kd8 24. fxe6 Be7 25. Rc1 Qxa2 26. Nc5 Bc8 27. Rxe7 Kxe7 28. Qg3 Qb2 29. Qg7+ Kd6 30. Qxf8+ Kc6
31. Nd3+ Qxc1 32. Nxc1
1-0

[Event "tricky or thicky?"]
[Site "SchemingMind.com"]
[Date "2024.06.26"]
[Round "-"]
[White "mochiron"]
[Black "Chesswitchery"]
[Result "0-1"]
[WhiteCountry "JPN"]
[BlackCountry "USA"]
[WhiteElo "1347"]
[WhiteRD "62"]
[BlackElo "1640"]
[BlackRD "57"]
[GameID "745630"]

1. e4 d5 2. f3 c5 3. Bb5+ Bd7 4. Bxd7+ Qxd7 5. exd5 Qxd5 6. d3 Nc6 7. Nc3 Qd7 8. Nge2 Nf6 9. O-O O-O-O 10. Be3 e6
11. Nb5 a6 12. Nbc3 Nd5 13. Na4 Nxe3 14. Qd2 Nc4 15. Nxc5 Bxc5+
0-1

[Event "tricky or thicky?"]
[Site "SchemingMind.com"]
[Date "2024.06.26"]
[Round "-"]
[White "Chesswitchery"]
[Black "mochiron"]
[Result "1-0"]
[WhiteCountry "USA"]
[BlackCountry "JPN"]
[WhiteElo "1640"]
[WhiteRD "57"]
[BlackElo "1347"]
[BlackRD "62"]
[GameID "745631"]

1. e4 d5 2. exd5 Qxd5 3. Nc3 Qd8 4. d4 e6 5. Nf3 Bb4 6. Bd2 Nf6 7. a3 Bxc3 8. Bxc3 O-O 9. Bd3 Nc6 10. O-O Nd5
11. Bd2 Bd7 12. c4 Nf6 13. Qc2 h6 14. Rfe1 g6 15. Bxg6 Kg7 16. Bd3 Rg8 17. b4 Nh7 18. Bxh7 Qf6 19. Bxg8 Rxg8 20. Bc3 Kf8
21. Qe4 Qg7 22. Nh4 f5 23. Qf3 Ne7 24. d5 Ng6 25. Bxg7+ Kxg7 26. Nxg6 Kxg6 27. Qg3+ Kf7 28. dxe6+ Bxe6 29. Qxc7+
1-0